000 00589nam a2200265Ia 4500
005 20260306164116.0
008 008 260114s9999 xx 000 0 eng d
020 _a9781474422352
037 _aEBOOK
040 _aCRL
040 _beng
040 _cCRL
041 _2eng
041 _aeng
084 _qCRL
100 _aLambert
245 0 _aReturn Statements
260 _bEdinburgh University Press
260 _c2017
650 _aPhilosophy
856 _uhttps://academic.oup.com/book/30125
942 _cEBOOK
999 _c1712786
_d1712786